ARRUPE JESUIT UNIVERSITY

CORONAVIRUS -STOP THE SPREAD - CLEAN,DISINFECT,COVER

New testament eschatology in an African background (Record no. 125312)

MARC details
000 -LEADER
fixed length control field 00584nam a22001457a 4500
008 - FIXED-LENGTH DATA ELEMENTS--GENERAL INFORMATION
fixed length control field 160921b xxu||||| |||| 00| 0 eng d
050 ## - LIBRARY OF CONGRESS CALL NUMBER
Classification number BS2545.E7M35 1971
100 ## - MAIN ENTRY--PERSONAL NAME
Personal name Mbiti, John S.
9 (RLIN) 26059
245 ## - TITLE STATEMENT
Title New testament eschatology in an African background
Remainder of title / a study of the encounter between New Testament theology and African traditional concepts
Statement of responsibility, etc /John S.Mbiti
260 ## - PUBLICATION, DISTRIBUTION, ETC. (IMPRINT)
Place of publication, distribution, etc London
Name of publisher, distributor, etc Oxford University Press
Date of publication, distribution, etc 1971
300 ## - PHYSICAL DESCRIPTION
Extent xi,216p.;
Dimensions 22cm.
650 ## - SUBJECT ADDED ENTRY--TOPICAL TERM
Topical term or geographic name as entry element Eschatology
General subdivision Biblical teaching
9 (RLIN) 26060
650 ## - SUBJECT ADDED ENTRY--TOPICAL TERM
Topical term or geographic name as entry element Kamba(African people)
General subdivision Religion
9 (RLIN) 26061
942 ## - ADDED ENTRY ELEMENTS (KOHA)
Source of classification or shelving scheme Library of Congress Classification
Item type Monograph ( Printed materials)
Holdings
Withdrawn status Lost status Source of classification or shelving scheme Damaged status Not for loan Collection code Home library Current library Shelving location Date acquired Total Checkouts Full call number Barcode Date last seen Date last borrowed Price effective from Koha item type
    Library of Congress Classification     Main Collection ARRUPE LIBRARY ARRUPE LIBRARY Main Collection 21/09/2016 5 BS2545.E7M35 1971 46500010713 16/05/2024 17/04/2024 21/09/2016 Monograph ( Printed materials)

 

Arrupe Library. PO Box MP320 Mt Pleasant, Harare, Zimbabwe
263 242 745411|librarian@aju.ac.zw